000 00516nam a2200181 i 4500
001 60996
003 ES-MaACL
005 20230906164339.0
007 t|
008 031110s1981 sp ||||1| spa d
245 0 4 _aLos estudios de farmacia.
260 _aMadrid :
_bFundación Universidad Empresa,
_c1981.
300 _a104, LXIV p. ;
_c24 cm.
490 1 _aMonografias profesionales ;
_v23
830 0 _aMonografias profesionales ;
_v23
_9182734
852 _aES-MaACL
_jL-1396
_bR.102338
999 _c60996
_d60996